Juran on leadership for quality : An executive handbook

Tallennettuna:
Bibliografiset tiedot
Päätekijä: Juran, J. M.
Aineistotyyppi: Kirja
Kieli:Undetermined
Julkaistu: New York The Free Press 1989
Aiheet:
Tagit: Lisää tagi
Ei tageja, Lisää ensimmäinen tagi!
Thư viện lưu trữ: Trung tâm Học liệu Trường Đại học Cần Thơ
LEADER 00498nam a2200181Ia 4500
001 CTU_79095
008 210402s9999 xx 000 0 und d
082 |a 658.5 
082 |b J95 
100 |a Juran, J. M. 
245 0 |a Juran on leadership for quality : 
245 3 |b An executive handbook 
245 0 |c J. M. Juran 
260 |a New York 
260 |b The Free Press 
260 |c 1989 
650 |a Quality assurance,Quality control 
980 |a Trung tâm Học liệu Trường Đại học Cần Thơ